[Event "FISU World University-ch 2020"]
[Site "Online"]
[Date "2020.10.26"]
[Round "2.30"]
[White "Sole, Michael D"]
[Black "Alharari, Mohammed Alsouri"]
[Result "1/2-1/2"]
[WhiteElo "1805"]
[BlackElo "2018"]
[Annotator "TA"]
[PlyCount "119"]
[EventDate "2020.10.26"]
[SourceTitle "playchess.com"]
[Source "ChessBase"]
[SourceQuality "1"]

1. d4 Nf6 2. c4 e6 3. Nf3 d5 4. g3 Be7 5. Bg2 O-O 6. O-O c6 7. Qc2 b6 8. Nbd2 Ba6 9. b3 Nbd7 10. e4 dxe4 11. Nxe4 Rc8 12. Bb2 Nxe4 13. Qxe4 Nf6 14. Qc2 Qc7 15. Rad1 Bb7 16. Ne5 Rfd8 17. Rfe1 c5 18. Nf3 cxd4 19. Nxd4 Bxg2 20. Kxg2 Bc5 21. Nb5 Qb7+ 22. f3 Rxd1 23. Rxd1 Ng4 24. Rd3 Ne3+ 25. Rxe3 Bxe3 26. Nd6 Qc7 27. Nxc8 Qxc8 28. Qc3 Bh6 29. Qd4 Qc7 30. Qe4 Qd8 31. Qd4 Qc7 32. Bc3 f6 33. Qe4 Qd7 34. Bb4 Bd2 35. Ba3 Bc3 36. Qe2 Kf7 37. Bb2 Bb4 38. a3 Be7 39. b4 Qa4 40. Qd3 g6 41. h4 h5 42. g4 hxg4 43. fxg4 Qc6+ 44. Kg1 Qa8 45. h5 Qg8 46. hxg6+ Qxg6 47. Qxg6+ Kxg6 48. Kf2 f5 49. Kf3 Bd6 50. Bd4 e5 51. gxf5+ Kxf5 52. Be3 e4+ 53. Ke2 Ke5 54. Bf2 Be7 55. Be3 Bd6 56. Bf2 Be7 57. Be3 Bd6 58. Bf2 Be7 59. Be3 Bd6 60. Bf2 1/2-1/2

[Event "FISU World University-ch 2020"]
[Site "Online"]
[Date "2020.10.26"]
[Round "2.31"]
[White "Chavez Pena, Gonzalo Ignacio"]
[Black "Kottahachchi, A S"]
[Result "1-0"]
[WhiteElo "1787"]
[BlackElo "1400"]
[Annotator "NA RC"]
[PlyCount "119"]
[EventDate "2020.10.26"]
[SourceTitle "playchess.com"]
[Source "ChessBase"]
[SourceQuality "1"]

1. e4 e6 2. d4 d5 3. exd5 exd5 4. c4 Nf6 5. Nc3 c6 6. Bg5 Be7 7. Nf3 O-O 8. h3 h6 9. Bf4 Bf5 10. Bd3 Bxd3 11. Qxd3 Re8 12. O-O dxc4 13. Qxc4 Nd5 14. Nxd5 Qxd5 15. b3 Nd7 16. Qxd5 cxd5 17. Rac1 Rac8 18. Rfe1 Ba3 19. Rxe8+ Rxe8 20. Rc7 Nf6 21. Ne5 Bd6 22. Rxb7 Ne4 23. Rxa7 Rc8 24. Rd7 Rc2 25. f3 Bxe5 26. dxe5 g5 27. Be3 Ng3 28. Rxd5 Rxa2 29. Rd8+ Kg7 30. Rd2 Ra8 31. Kf2 Nf5 32. b4 Rb8 33. Rb2 Rb5 34. Bc5 Kg6 35. Ra2 Rb7 36. g4 Nh4 37. Ra6+ Kg7 38. Rb6 Rd7 39. Bd6 Ng6 40. b5 Ne7 41. Rc6 Nxc6 42. bxc6 Ra7 43. c7 Ra2+ 44. Ke3 Rc2 45. Kd3 Rc1 46. Kd2 Rc6 47. Ke3 f6 48. Ke4 fxe5 49. Kxe5 Kf7 50. Kd5 Rc1 51. Bc5 Rd1+ 52. Kc6 Rc1 53. c8=Q Rxc5+ 54. Kxc5 Ke7 55. Kd5 h5 56. Qe6+ Kf8 57. Qd7 hxg4 58. Ke6 Kg8 59. Kf6 gxh3 60. Qg7# 1-0

[Event "FISU World University-ch 2020"]
[Site "Online"]
[Date "2020.10.26"]
[Round "2.31"]
[White "Ketipearachchi, Dilanka Hideo"]
[Black "Rosales Schulz, Robin"]
[Result "0-1"]
[WhiteElo "1510"]
[BlackElo "2133"]
[Annotator "TA"]
[PlyCount "74"]
[EventDate "2020.10.26"]
[SourceTitle "playchess.com"]
[Source "ChessBase"]
[SourceQuality "1"]

1. d4 d5 2. c4 e6 3. Nc3 Nf6 4. cxd5 exd5 5. Bg5 Be7 6. Nf3 O-O 7. e3 c6 8. Be2 Bg4 9. O-O Nbd7 10. a3 Ne4 11. Bxe7 Qxe7 12. Qc2 f5 13. Rfe1 Rf6 14. Qb3 Rb8 15. Rac1 Kh8 16. Rc2 Rh6 17. Rec1 Bxf3 18. Bxf3 Qh4 19. Nxd5 g5 20. Bxe4 Qxh2+ 21. Kf1 fxe4 22. Ne7 Qh1+ 23. Ke2 Qxg2 24. Rf1 g4 25. Nf5 Qf3+ 26. Ke1 Qxf5 27. Rd2 Nb6 28. Qc2 Nd5 29. b4 Rf8 30. Qc4 g3 31. fxg3 Qxf1+ 32. Qxf1 Rxf1+ 33. Kxf1 Nxe3+ 34. Ke2 Nd5 35. g4 Rh2+ 36. Ke1 Rxd2 37. Kxd2 Kg7 0-1

[Event "FISU World University-ch 2020"]
[Site "Online"]
[Date "2020.10.26"]
[Round "2.31"]
[White "Sathma, Devni"]
[Black "Vasquez Vasquez, Sebastian"]
[Result "0-1"]
[WhiteElo "1299"]
[BlackElo "1726"]
[Annotator "NA RC"]
[PlyCount "76"]
[EventDate "2020.10.26"]
[SourceTitle "playchess.com"]
[Source "ChessBase"]
[SourceQuality "1"]

1. c4 g6 2. Nc3 Bg7 3. e3 d6 4. g3 Nf6 5. Bg2 e5 6. Nge2 O-O 7. O-O c6 8. b3 Re8 9. Bb2 d5 10. cxd5 cxd5 11. d4 e4 12. Nf4 Bg4 13. Qd2 Nc6 14. Rac1 a5 15. Ba3 Qd7 16. Na4 Qc7 17. Bc5 Ra6 18. Rfe1 g5 19. Nh3 h6 20. Bf1 Raa8 21. Kh1 Bf3+ 22. Bg2 Rab8 23. Bb6 Qc8 24. Ng1 g4 25. Bxa5 Qf5 26. Bc7 Rbc8 27. Bb6 h5 28. Ne2 Bh6 29. Nf4 Bxf4 30. exf4 Kg7 31. Nc3 Rh8 32. Ne2 h4 33. Ng1 hxg3 34. fxg3 Qh5 35. Bxf3 gxf3 36. Qf2 Ng4 37. Qb2 Qxh2+ 38. Qxh2 Rxh2# 0-1

[Event "FISU World University-ch 2020"]
[Site "Online"]
[Date "2020.10.26"]
[Round "2.32"]
[White "Chen, Yiru"]
[Black "Doluweera, Dinul Thisura"]
[Result "0-1"]
[WhiteElo "1828"]
[BlackElo "1863"]
[Annotator "NA RC"]
[PlyCount "90"]
[EventDate "2020.10.26"]
[SourceTitle "playchess.com"]
[Source "ChessBase"]
[SourceQuality "1"]

1. e4 e6 2. d4 d5 3. Nc3 Nf6 4. Bg5 Bb4 5. e5 h6 6. Bd2 Bxc3 7. bxc3 Ne4 8. Qg4 g6 9. Bd3 Nxd2 10. Kxd2 c5 11. Nf3 Qa5 12. Bxg6 Rg8 13. Bxf7+ Kxf7 14. Qh5+ Ke7 15. Qxh6 Rf8 16. Qg5+ Ke8 17. Qg6+ Kd8 18. Qg5+ Ke8 19. Qe3 cxd4 20. Nxd4 Nc6 21. h4 Nxd4 22. Qxd4 b6 23. h5 Ba6 24. f3 Rc8 25. h6 Rc4 26. Qd3 Re4 27. h7 Bxd3 28. cxd3 Rxe5 29. h8=Q Rxh8 30. Rxh8+ Kd7 31. Rh7+ Kd6 32. d4 Rg5 33. g4 Qa3 34. Kc2 Qa4+ 35. Kd2 Qa3 36. Kc2 a6 37. Rh4 Rg7 38. Rh3 Qa4+ 39. Kd2 Qc4 40. Rg3 b5 41. a3 Qb3 42. Rc1 Qxa3 43. f4 b4 44. Re3 b3 45. g5 Qa2+ 0-1

[Event "FISU World University-ch 2020"]
[Site "Online"]
[Date "2020.10.26"]
[Round "2.33"]
[White "Loaiza, Yurani"]
[Black "Ranasinghe, P K"]
[Result "1/2-1/2"]
[WhiteElo "1942"]
[BlackElo "1586"]
[Annotator "TA"]
[PlyCount "60"]
[EventDate "2020.10.26"]
[SourceTitle "playchess.com"]
[Source "ChessBase"]
[SourceQuality "1"]

1. e4 e5 2. Nc3 Nf6 3. g3 Bc5 4. Bg2 d6 5. Nge2 Nc6 6. Na4 Bg4 7. h3 Bh5 8. Nxc5 dxc5 9. d3 Nd4 10. g4 Bg6 11. Be3 h5 12. g5 Nd7 13. Ng3 h4 14. Ne2 Bh5 15. Bxd4 cxd4 16. Qd2 Bxe2 17. Kxe2 Rh5 18. g6 fxg6 19. Bf3 Rg5 20. Rhg1 Rxg1 21. Rxg1 Qf6 22. Qa5 O-O-O 23. Bg4 Kb8 24. Qb5 a6 25. Qa4 Nb6 26. Qa5 Rf8 27. Rg2 Qf4 28. Qd2 Qxd2+ 29. Kxd2 Rf6 30. b3 Nc8 1/2-1/2

[Event "FISU World University-ch 2020"]
[Site "Online"]
[Date "2020.10.26"]
[Round "2.33"]
[White "Moreno Bermudez, Jhon Jairo"]
[Black "Obeysekara, T A Sajith Chathuran"]
[Result "1/2-1/2"]
[WhiteElo "1839"]
[BlackElo "1684"]
[Annotator "NA RC"]
[PlyCount "151"]
[EventDate "2020.10.26"]
[SourceTitle "playchess.com"]
[Source "ChessBase"]
[SourceQuality "1"]

1. e4 d6 2. d4 g6 3. f4 Bg7 4. Nf3 e6 5. Bd3 a6 6. a4 Nd7 7. O-O Ne7 8. Be3 O-O 9. Nbd2 f5 10. e5 dxe5 11. dxe5 Nd5 12. Qe2 Nxe3 13. Qxe3 Nb6 14. Nc4 Nd5 15. Qd2 b6 16. Rad1 Bb7 17. Ng5 Qe7 18. Kh1 h6 19. Nf3 Rad8 20. Qc1 c5 21. Be2 Bc6 22. Nd6 g5 23. fxg5 Bxe5 24. Nxe5 Rxd6 25. Nxc6 Rxc6 26. gxh6 Kh7 27. Bxa6 Rf6 28. Bc4 Rd6 29. Bxd5 exd5 30. Qg5 Qf7 31. Rde1 c4 32. Re5 Rg6 33. Rexf5 Rxg5 34. Rxf7+ Kxh6 35. R7f6+ Rg6 36. Rxd6 Rxd6 37. Kg1 d4 38. Kf2 d3 39. cxd3 Rxd3 40. Rc1 Rd2+ 41. Kf3 Rd3+ 42. Ke2 Rd4 43. Rf1 Kg5 44. Rf8 Rd3 45. Rf3 Rd4 46. h3 Kg6 47. b3 cxb3 48. Rxb3 Rxa4 49. Rxb6+ Kg5 50. Kf3 Ra3+ 51. Kf2 Kh4 52. Rb4+ Kh5 53. Re4 Kg5 54. Re3 Ra2+ 55. Kf3 Rd2 56. g3 Rb2 57. h4+ Kf6 58. Kg4 Rb4+ 59. Kh3 Kf5 60. Ra3 Rb5 61. Ra4 Rb3 62. Rf4+ Kg6 63. Kg4 Rb6 64. h5+ Kh6 65. Kh4 Rb1 66. Rf6+ Kg7 67. Ra6 Rb4+ 68. g4 Rb5 69. h6+ Kh7 70. g5 Rb1 71. Ra7+ Kh8 72. g6 Rb4+ 73. Kg5 Rb5+ 74. Kf6 Rb6+ 75. Kf7 Rb7+ 76. Rxb7 1/2-1/2

[Event "FISU World University-ch 2020"]
[Site "Online"]
[Date "2020.10.26"]
[Round "2.33"]
[White "Aluvihare, Shakila"]
[Black "Orozco, Omar"]
[Result "1-0"]
[WhiteElo "1655"]
[BlackElo "1673"]
[Annotator "NA RC"]
[PlyCount "43"]
[EventDate "2020.10.26"]
[SourceTitle "playchess.com"]
[Source "ChessBase"]
[SourceQuality "1"]

1. d4 Nf6 2. Nf3 e6 3. c4 b6 4. g3 Bb7 5. Bg2 Bb4+ 6. Bd2 Be7 7. O-O O-O 8. Nc3 d6 9. Qc2 Nc6 10. a3 h6 11. Rfd1 a6 12. e4 d5 13. cxd5 exd5 14. e5 Nh7 15. Be3 Qd7 16. Rac1 f6 17. Nh4 Na5 18. Ng6 Rfe8 19. Ne2 Rac8 20. Nef4 Nc4 21. Bh3 Qb5 22. Be6# 1-0

[Event "FISU World University-ch 2020"]
[Site "Online"]
[Date "2020.10.26"]
[Round "2.34"]
[White "Kuruppu, Supun Dasantha"]
[Black "Jayaweera, K P C D B"]
[Result "1-0"]
[WhiteElo "1826"]
[BlackElo "1576"]
[Annotator "NA RC"]
[PlyCount "53"]
[EventDate "2020.10.26"]
[SourceTitle "playchess.com"]
[Source "ChessBase"]
[SourceQuality "1"]

1. d4 Nf6 2. Nf3 e6 3. c4 b6 4. a3 Be7 5. Nc3 Bb7 6. e3 O-O 7. Bd3 d5 8. O-O c5 9. cxd5 Nxd5 10. Nxd5 exd5 11. Qc2 h6 12. b3 Nc6 13. Bb2 Rc8 14. dxc5 bxc5 15. Rad1 Qb6 16. Bh7+ Kh8 17. Bf5 Rc7 18. Ne5 Nxe5 19. Bxe5 Bd6 20. Ba1 Rd8 21. Qb2 Bf8 22. Bb1 Kg8 23. Qc2 g6 24. Qb2 f5 25. Qh8+ Kf7 26. Rd2 d4 27. exd4 1-0

[Event "FISU World University-ch 2020"]
[Site "Online"]
[Date "2020.10.26"]
[Round "2.34"]
[White "Herath, H M A Y"]
[Black "Jayasinghe, Keeth M S"]
[Result "0-1"]
[WhiteElo "1555"]
[BlackElo "1726"]
[Annotator "NA RC"]
[PlyCount "72"]
[EventDate "2020.10.26"]
[SourceTitle "playchess.com"]
[Source "ChessBase"]
[SourceQuality "1"]

1. e4 g6 2. d4 Bg7 3. Nc3 d6 4. f4 a6 5. Nf3 b5 6. Bd3 Bb7 7. O-O Nd7 8. Qe2 c5 9. dxc5 Nxc5 10. e5 Nxd3 11. cxd3 e6 12. d4 Ne7 13. Be3 O-O 14. Rac1 Nf5 15. Bf2 Rc8 16. Rfd1 Qd7 17. d5 exd5 18. Rb1 dxe5 19. Nxe5 Qe6 20. Qf3 Bxe5 21. fxe5 Qxe5 22. Nxd5 Ba8 23. Qb3 Bxd5 24. Rxd5 Qe6 25. Rbd1 Rc6 26. Qb4 Ne3 27. Bxe3 Qxe3+ 28. Kh1 Re6 29. h3 Rfe8 30. b3 Qf2 31. a4 Re1+ 32. Rxe1 Rxe1+ 33. Kh2 Qg1+ 34. Kg3 Re3+ 35. Kf4 Qf2+ 36. Kg4 Qg3# 0-1

[Event "FISU World University-ch 2020"]
[Site "Online"]
[Date "2020.10.26"]
[Round "2.34"]
[White "Koggala, W S T D"]
[Black "De Silva, Shelani"]
[Result "1-0"]
[WhiteElo "1480"]
[BlackElo "1511"]
[Annotator "NA RC"]
[PlyCount "52"]
[EventDate "2020.10.26"]
[SourceTitle "playchess.com"]
[Source "ChessBase"]
[SourceQuality "1"]

1. d4 Nf6 2. Bf4 g6 3. Nc3 Bg7 4. e4 d6 5. Qd2 Na6 6. O-O-O O-O 7. Bh6 c6 8. h4 Bh8 9. Bxf8 Kxf8 10. Be2 b5 11. f3 Qa5 12. e5 Ne8 13. exd6 Nxd6 14. h5 Kg8 15. hxg6 fxg6 16. Qh6 Bf6 17. Qxh7+ Kf8 18. Qxg6 Bf5 19. Qh6+ Bg7 20. Qf4 Nc7 21. Rh5 Ne6 22. Rxf5+ Nxf5 23. Qxf5+ Ke8 24. Qxe6 b4 25. Qxc6+ Kf8 26. Qxa8+ Kf7 1-0

[Event "FISU World University-ch 2020"]
[Site "Online"]
[Date "2020.10.26"]
[Round "2.34"]
[White "Gunarathna, Dilshan Akila"]
[Black "Perera, Thilina"]
[Result "0-1"]
[WhiteElo "1451"]
[BlackElo "1434"]
[Annotator "NA RC"]
[PlyCount "186"]
[EventDate "2020.10.26"]
[SourceTitle "playchess.com"]
[Source "ChessBase"]
[SourceQuality "1"]

1. e4 e5 2. Nf3 Nc6 3. Bc4 Nf6 4. d3 h6 5. Nc3 Bc5 6. a3 d6 7. h3 O-O 8. Be3 Bb6 9. O-O Nd4 10. Nd5 Nxd5 11. Bxd5 c6 12. Ba2 Kh8 13. c3 Nxf3+ 14. Qxf3 f5 15. Bxb6 axb6 16. d4 fxe4 17. Qxe4 Bf5 18. Qe3 exd4 19. Qxd4 d5 20. Rae1 b5 21. Bb3 Qd7 22. Re3 Rae8 23. Rfe1 Rxe3 24. Qxe3 Qf7 25. Qe7 Kg8 26. a4 bxa4 27. Bxa4 Qg6 28. Re3 Rf7 29. Qe8+ Kh7 30. Qe5 Bc2 31. Rg3 Qe4 32. Qxe4+ Bxe4 33. Bb3 Rd7 34. Re3 b5 35. f3 Bf5 36. Kf2 Bg6 37. Re6 c5 38. Bd1 d4 39. cxd4 cxd4 40. Rc6 d3 41. Rc3 b4 42. Rc4 Rb7 43. Ke3 Kg8 44. g4 Kf7 45. h4 Ke7 46. h5 Bh7 47. f4 Kd6 48. f5 Re7+ 49. Kxd3 Rb7 50. Kd4 Bg8 51. Rc8 Bf7 52. Bf3 Rb6 53. Ra8 b3 54. Ra4 Rb8 55. Ra6+ Ke7 56. Kc5 Rc8+ 57. Rc6 Rd8 58. Be4 Rd2 59. Kb4 Rd4+ 60. Kc3 Rxe4 61. Rc7+ Kf6 62. Kd3 Rxg4 63. Ke3 Bxh5 64. Rc6+ Kxf5 65. Rc5+ Kg6 66. Rb5 Kh7 67. Kd2 Rg3 68. Rxh5 g5 69. Rh2 Kg6 70. Re2 Kf5 71. Ke1 Kf4 72. Kf2 Rf3+ 73. Kg2 h5 74. Rd2 Re3 75. Rd4+ Re4 76. Rd2 g4 77. Kf2 h4 78. Rd3 g3+ 79. Kf1 Re3 80. Rd4+ Kf3 81. Rd2 h3 82. Rf2+ Kg4 83. Rd2 Rf3+ 84. Kg1 h2+ 85. Kg2 Rf2+ 86. Rxf2 gxf2 87. Kxh2 Kf3 88. Kh3 f1=Q+ 89. Kh4 Qg1 90. Kh5 Kf4 91. Kh6 Kf5 92. Kh7 Kf6 93. Kh8 Qg7# 0-1

[Event "FISU World University-ch 2020"]
[Site "Online"]
[Date "2020.10.26"]
[Round "2.35"]
[White "Cilento, Lucas Geraldo"]
[Black "Alrehaili, Ahmed Abdullah S"]
[Result "1/2-1/2"]
[WhiteElo "1952"]
[BlackElo "1980"]
[Annotator "TA"]
[PlyCount "55"]
[EventDate "2020.10.26"]
[SourceTitle "playchess.com"]
[Source "ChessBase"]
[SourceQuality "1"]

1. e4 e6 2. d4 d5 3. Nd2 Nf6 4. e5 Nfd7 5. Bd3 c5 6. c3 Nc6 7. Ne2 cxd4 8. cxd4 f6 9. exf6 Nxf6 10. O-O Bd6 11. Nf3 O-O 12. Bg5 e5 13. dxe5 Nxe5 14. Nxe5 Bxe5 15. Nc3 Be6 16. Qe2 Qd6 17. f4 Bd4+ 18. Kh1 a6 19. Rae1 Rae8 20. Bxf6 Bxf6 21. Qh5 g6 22. Bxg6 hxg6 23. Qxg6+ Kh8 24. Qh6+ Kg8 25. Qg6+ Kh8 26. Qh6+ Kg8 27. Qg6+ Kh8 28. Qh6+ 1/2-1/2

[Event "FISU World University-ch 2020"]
[Site "Online"]
[Date "2020.10.26"]
[Round "2.35"]
[White "Khayat, Emad"]
[Black "Frankental, David"]
[Result "0-1"]
[WhiteElo "1525"]
[BlackElo "1938"]
[Annotator "TA"]
[PlyCount "80"]
[EventDate "2020.10.26"]
[SourceTitle "playchess.com"]
[Source "ChessBase"]
[SourceQuality "1"]

1. d4 d5 2. Nf3 Nf6 3. g3 e6 4. Bg2 c5 5. O-O Nc6 6. c4 cxd4 7. cxd5 exd5 8. Nxd4 Nxd4 9. Qxd4 Be6 10. Nc3 b6 11. Rd1 Bc5 12. Qa4+ Bd7 13. Qb3 Ng4 14. Rxd5 Qf6 15. Ne4 Bxf2+ 16. Kh1 Qe7 17. Bg5 f6 18. Rad1 Bc6 19. Nd6+ Kf8 20. Nf5 Qxe2 21. Rd8+ Rxd8 22. Rxd8+ Be8 23. Rxe8+ Qxe8 24. Qc3 Be1 25. Qa3+ Kf7 26. Nd6+ Kg6 27. Nxe8 Rxe8 28. Bf4 Bf2 29. Qd3+ f5 30. Bf3 Re1+ 31. Kg2 Rg1+ 32. Kh3 h5 33. Qd6+ Kh7 34. Qd7 Kg6 35. Qe6+ Nf6 36. Be5 Bc5 37. Bxf6 gxf6 38. Qg8+ Kh6 39. Qh8+ Kg6 40. Qh6+ Kxh6 0-1

[Event "FISU World University-ch 2020"]
[Site "Online"]
[Date "2020.10.26"]
[Round "2.37"]
[White "Toro Castaneda, Elizabeth"]
[Black "Ng, Jun Jie"]
[Result "0-1"]
[WhiteElo "1989"]
[BlackElo "1171"]
[Annotator "TA"]
[PlyCount "30"]
[EventDate "2020.10.26"]
[SourceTitle "playchess.com"]
[Source "ChessBase"]
[SourceQuality "1"]

1. e4 e5 2. Nf3 Nf6 3. Nxe5 Qe7 4. d4 Nc6 5. Nxc6 Qxe4+ 6. Be2 dxc6 7. O-O Bd6 8. Bf3 Qf5 9. Re1+ Be6 10. Nd2 O-O-O 11. c4 Qd3 12. Qa4 Qxd4 13. Nb3 Qxc4 14. Qxa7 Kd7 15. Qxb7 Ra8 0-1

[Event "FISU World University-ch 2020"]
[Site "Online"]
[Date "2020.10.26"]
[Round "2.37"]
[White "Ling, Jin Sheng Timothy"]
[Black "Olarte Parra, Jhoan Sebastian"]
[Result "1-0"]
[WhiteElo "1640"]
[BlackElo "1999"]
[Annotator "TA"]
[PlyCount "71"]
[EventDate "2020.10.26"]
[SourceTitle "playchess.com"]
[Source "ChessBase"]
[SourceQuality "1"]

1. Nf3 Nf6 2. g3 b6 3. Bg2 Bb7 4. b3 d6 5. Bb2 Nbd7 6. d4 e6 7. O-O Be7 8. c4 O-O 9. Nc3 Ne4 10. Qc2 f5 11. d5 Nxc3 12. dxe6 Nxe2+ 13. Qxe2 Nf6 14. Ng5 Bxg2 15. Kxg2 h6 16. Nf7 Qc8 17. Bxf6 Bxf6 18. Rae1 Re8 19. Qf3 Qa6 20. Qxf5 Qxa2 21. Qg6 Qd2 22. Rd1 Qc3 23. Nxh6+ Kh8 24. Nf7+ Kg8 25. Rd3 Qc2 26. Re1 Bd4 27. Nh6+ Kh8 28. Ng4 Bxf2 29. Nxf2 Rf8 30. Qh5+ Kg8 31. Rf3 Rxf3 32. Qxf3 Rf8 33. Qe2 Qxb3 34. e7 Re8 35. Qe6+ Kh8 36. Qf7 1-0

[Event "FISU World University-ch 2020"]
[Site "Online"]
[Date "2020.10.26"]
[Round "3.1"]
[White "Zajic, Milan"]
[Black "Limon Olmos, Ivan Alonso"]
[Result "1-0"]
[WhiteElo "2467"]
[BlackElo "2154"]
[Annotator "TA"]
[PlyCount "97"]
[EventDate "2020.10.26"]
[SourceTitle "playchess.com"]
[Source "ChessBase"]
[SourceQuality "1"]

1. e4 e5 2. Nf3 Nc6 3. Bb5 Nf6 4. d3 d6 5. c3 Bd7 6. O-O g6 7. Nbd2 Bg7 8. Re1 O-O 9. Ba4 h6 10. Nf1 Nh5 11. d4 Qe8 12. d5 Ne7 13. Bxd7 Qxd7 14. c4 f5 15. exf5 Qxf5 16. Be3 Qg4 17. N3d2 Qxd1 18. Rexd1 Nf4 19. g3 Ne2+ 20. Kg2 Nf5 21. Ne4 Ned4 22. Rac1 b6 23. Bxd4 Nxd4 24. Ne3 h5 25. Rc3 Bh6 26. Nc2 Nf5 27. Nb4 a5 28. Nc6 Rf7 29. Rdd3 Raf8 30. b3 g5 31. a3 g4 32. b4 axb4 33. axb4 Ra8 34. Ra3 Rff8 35. h3 Kg7 36. hxg4 hxg4 37. c5 bxc5 38. bxc5 Bc1 39. Rab3 Ra2 40. Rb7 Ne3+ 41. Kg1 Ra1 42. Rxc7+ Kh6 43. Ra7 Ba3+ 44. Kh2 Rh8 45. fxe3 Kg6+ 46. Kg2 Rah1 47. Ne7+ Kf7 48. Nf5+ Kg6 49. Nh4+ 1-0

[Event "FISU World University-ch 2020"]
[Site "Online"]
[Date "2020.10.26"]
[Round "3.1"]
[White "Djordjevic, Vuk"]
[Black "Lima Martinez, Alejandro"]
[Result "1-0"]
[WhiteElo "2347"]
[BlackElo "2074"]
[Annotator "NA"]
[PlyCount "69"]
[EventDate "2020.10.26"]
[SourceTitle "playchess.com"]
[Source "ChessBase"]
[SourceQuality "1"]

1. d4 Nf6 2. Bg5 c5 3. Bxf6 gxf6 4. dxc5 Na6 5. c3 Nxc5 6. g3 d5 7. Bg2 e6 8. Nh3 Bg7 9. Nf4 h5 10. h4 Qb6 11. Qc2 f5 12. Nd2 Ne4 13. e3 Bd7 14. O-O Be5 15. a4 Bxf4 16. a5 Qc5 17. Nxe4 fxe4 18. exf4 Bb5 19. Rfd1 Rc8 20. Qb3 a6 21. Rd4 Ke7 22. Re1 f5 23. Re3 Kf6 24. Qd1 Qc7 25. Qa1 Qe7 26. b3 Kg6 27. Qe1 Qc7 28. c4 Bc6 29. f3 Qg7 30. Qd2 exf3 31. Bxf3 dxc4 32. Rxe6+ Kh7 33. Bxc6 c3 34. Qd3 Rxc6 35. Qxf5+ 1-0

[Event "FISU World University-ch 2020"]
[Site "Online"]
[Date "2020.10.26"]
[Round "3.1"]
[White "Real Pereyra, Jeronimo"]
[Black "Radovanovic, Mihajlo"]
[Result "1/2-1/2"]
[WhiteElo "2130"]
[BlackElo "2457"]
[Annotator "TA"]
[PlyCount "125"]
[EventDate "2020.10.26"]
[SourceTitle "playchess.com"]
[Source "ChessBase"]
[SourceQuality "1"]

1. e4 c5 2. Nf3 d6 3. Bb5+ Nd7 4. d4 cxd4 5. Qxd4 a6 6. Bxd7+ Bxd7 7. Nc3 Nf6 8. Bg5 e6 9. e5 dxe5 10. Nxe5 Be7 11. O-O-O Bc6 12. Nxc6 bxc6 13. Qc4 Qb6 14. Ne4 Qb5 15. Qd4 Rd8 16. Qxd8+ Bxd8 17. Nd6+ Ke7 18. Nxb5 axb5 19. Rd3 h6 20. Bxf6+ Kxf6 21. Rc3 Bb6 22. Rxc6 Rb8 23. c3 Ke5 24. Rd1 Bxf2 25. Rc7 f5 26. Rxg7 Ke4 27. Kc2 e5 28. Rd2 Be3 29. Rd6 h5 30. Rg3 f4 31. Rg5 Re8 32. b3 h4 33. h3 Rc8 34. Kb2 Bf2 35. Re6 Rc5 36. a4 Be1 37. b4 Bxc3+ 38. Kb3 Rc4 39. axb5 Kd3 40. Rgxe5 Rxb4+ 41. Ka3 Rb1 42. Rd5+ Kc4 43. Rc6+ Kxd5 44. Rxc3 Rxb5 45. Rc8 Ke4 46. Rh8 Rg5 47. Rxh4 Rxg2 48. Kb3 Rd2 49. Kc3 Rd8 50. Rh7 Ke3 51. Re7+ Kf2 52. h4 f3 53. h5 Kg1 54. Rg7+ Kf1 55. h6 Rd6 56. h7 Rh6 57. Kd2 f2 58. Kd1 Rd6+ 59. Kc2 Rh6 60. Kd1 Rh5 61. Kd2 Rd5+ 62. Kc2 Rh5 63. Kd1 1/2-1/2

[Event "FISU World University-ch 2020"]
[Site "Online"]
[Date "2020.10.26"]
[Round "3.1"]
[White "Herrera Camara, Genny Ceci"]
[Black "Velikic, Adela"]
[Result "1/2-1/2"]
[WhiteElo "1828"]
[BlackElo "2259"]
[Annotator "TA"]
[PlyCount "107"]
[EventDate "2020.10.26"]
[SourceTitle "playchess.com"]
[Source "ChessBase"]
[SourceQuality "1"]

1. d4 d5 2. c4 c6 3. e3 Nf6 4. Nf3 e6 5. b3 Nbd7 6. Bd3 Bd6 7. Bb2 O-O 8. O-O b6 9. Nbd2 Bb7 10. Rc1 Qe7 11. Ne5 c5 12. Nxd7 Nxd7 13. cxd5 exd5 14. Qh5 Nf6 15. Qh4 Ne4 16. Qxe7 Bxe7 17. Nf3 Rfd8 18. dxc5 Nxc5 19. Be2 a5 20. Bd4 f6 21. Rfd1 Kf7 22. Bb2 a4 23. b4 a3 24. Bd4 Na4 25. Rc7 Bc8 26. Bb5 Kf8 27. Rdc1 Be6 28. Bxa4 Rxa4 29. Bxb6 Bxb4 30. Nd4 Re8 31. h3 Bf7 32. Rd7 Be7 33. Rcc7 Rc4 34. Nf5 Rxc7 35. Rxc7 Bd8 36. Bc5+ Kg8 37. Ra7 d4 38. exd4 h5 39. Nd6 Re1+ 40. Kh2 Bd5 41. Nf5 Bf7 42. Ra8 Re8 43. Nd6 Bc7 44. Rxe8+ Bxe8 45. g3 Bxd6 46. Bxd6 Bf7 47. Bxa3 Bxa2 48. g4 hxg4 49. hxg4 Kf7 50. Kg3 g5 51. f4 gxf4+ 52. Kxf4 Ke6 53. Bb2 Bd5 54. Ba3 1/2-1/2

[Event "FISU World University-ch 2020"]
[Site "Online"]
[Date "2020.10.26"]
[Round "3.2"]
[White "Lei, Tingjie"]
[Black "Nieves Cabanes, Jose Manuel"]
[Result "1-0"]
[WhiteElo "2505"]
[BlackElo "2293"]
[Annotator "ChessBase"]
[PlyCount "87"]
[EventDate "2020.10.26"]
[SourceTitle "playchess.com"]
[Source "ChessBase"]
[SourceQuality "1"]

1. d4 Nf6 2. c4 e6 3. g3 d5 4. Nf3 a6 5. Bg2 dxc4 6. O-O c5 7. dxc5 Qxd1 8. Rxd1 Bxc5 9. Ne5 Nbd7 10. Nxc4 Ke7 11. Nc3 Nb6 12. Ne5 Nbd7 13. Nxd7 Nxd7 14. Ne4 f6 15. Rxd7+ Bxd7 16. Nxc5 Bc6 17. Bxc6 bxc6 18. Bd2 Rhd8 19. Nd3 e5 20. Bb4+ Kf7 21. Rc1 a5 22. Be1 Rd6 23. f3 h5 24. Rc5 a4 25. Bb4 Re6 26. Kf2 g5 27. e4 h4 28. Rc2 Rb8 29. a3 Ra8 30. Nc5 Re7 31. Rd2 Rc7 32. Ke3 h3 33. Rd6 Raa7 34. Rd8 Kg6 35. Ne6 Rcb7 36. Nc5 Rc7 37. f4 exf4+ 38. gxf4 g4 39. f5+ Kh7 40. Ne6 Rcb7 41. Kf4 c5 42. Bc3 Rf7 43. Kxg4 c4 44. Ng5+ 1-0

[Event "FISU World University-ch 2020"]
[Site "Online"]
[Date "2020.10.26"]
[Round "3.2"]
[White "Xu, Minghui"]
[Black "Represa Perez, Mireya"]
[Result "1-0"]
[WhiteElo "2407"]
[BlackElo "2126"]
[Annotator "TA"]
[PlyCount "101"]
[EventDate "2020.10.26"]
[SourceTitle "playchess.com"]
[Source "ChessBase"]
[SourceQuality "1"]

1. d4 Nf6 2. c4 e6 3. g3 d5 4. Bg2 Be7 5. Nf3 O-O 6. Qc2 c5 7. dxc5 Qa5+ 8. Nbd2 Qxc5 9. O-O b5 10. Ne5 bxc4 11. Nexc4 Ba6 12. b3 Nc6 13. Ba3 Nb4 14. Bxb4 Qxb4 15. Ne5 Bxe2 16. Nc6 Qb7 17. Rfe1 Bb5 18. Nxe7+ Qxe7 19. Nf3 Qb4 20. a3 Qd6 21. Nd4 Bd7 22. Qe2 Rac8 23. b4 Rfe8 24. Nb3 e5 25. Nc5 Bg4 26. Qd2 Bf5 27. Rad1 Bg4 28. Bxd5 Qb6 29. f3 Rcd8 30. fxg4 Rxd5 31. Qe2 a5 32. Rxd5 Nxd5 33. Qc4 Nf6 34. g5 Nd7 35. Rf1 Re7 36. Qd5 Nf8 37. Qe4 g6 38. Kg2 axb4 39. axb4 Ne6 40. Qxe5 Qxb4 41. Ne4 Qb7 42. Kg1 Qa7+ 43. Rf2 Nd4 44. Nf6+ Kh8 45. Qd5 Ne6 46. h4 Qd4 47. Qxd4 Nxd4 48. Ra2 Nf3+ 49. Kf2 Ne5 50. Ra8+ Kg7 51. Rg8# 1-0